[Event "37th Zalakaros Festival 2018"]
[Site "Zalakaros"]
[Date "2018.05.25"]
[Round "1"]
[White "Toth, Nikoletta"]
[Black "Zentai, Peter"]
[Result "1/2-1/2"]
[WhiteElo "1907"]
[BlackElo "2327"]
[Annotator "TA"]
[PlyCount "43"]
[EventDate "2018.??.??"]
[EventType "swiss"]
[EventCountry "HUN"]
[SourceTitle "playchess.com"]
[Source "ChessBase"]
[SourceQuality "1"]

{[%evp 21,43,-33,-39,-40,-45,-41,-21,-29,-29,-27,-19,-14,-5,-10,6,6,38,28,56,42,93,88,86,72]} 1. c4 c6 2. g3 Nf6 3. Bg2 d5 4. cxd5 cxd5 5. d4 Nc6 6. Nf3 Bf5 7. Nc3 e6 8. a3 Be7 9. O-O O-O 10. Bg5 h6 11. Bxf6 Bxf6 12. e3 {D13: Slav Defence: Exchange variation without ...Bf5} Rc8 13. Qe2 $146 ({Predecessor:} 13. Rc1 Qd7 14. b4 Rfd8 15. Qd2 b6 16. Rfd1 a5 17. b5 Ne7 18. Bf1 Bg4 19. Be2 Qd6 {0-1 (46) Corral Alvarez,L (2006)-Carrasco Martinez,J (2421) Spain 2007}) 13... Qe7 14. Rac1 {The position is equal.} Na5 15. Nd2 {[%cal Bf3d2,Bd2b3,Bb3c5][%mdl 32]} Qd7 16. Rfd1 a6 17. b4 Nc6 18. Nb3 Be7 19. Nc5 $36 {[%mdl 2048] Black is under pressure.} Bxc5 20. dxc5 {Threatens to win with e4.} Qc7 (20... Bg6 $14) 21. e4 $16 dxe4 22. Nxe4 {Precision: White = 100%, Black = 19%.} 1/2-1/2

[Event "37th Zalakaros Festival 2018"]
[Site "Zalakaros"]
[Date "2018.05.25"]
[Round "1"]
[White "Gal, Lajos"]
[Black "Li, Bo"]
[Result "0-1"]
[WhiteElo "1894"]
[BlackElo "2319"]
[Annotator "TA"]
[PlyCount "70"]
[EventDate "2018.??.??"]
[EventType "swiss"]
[EventCountry "HUN"]
[SourceTitle "playchess.com"]
[Source "ChessBase"]
[SourceQuality "1"]

{[%evp 9,70,5,6,-2,0,7,-2,-7,8,-8,-2,-25,-30,-20,-18,-28,-1,-54,-18,-37,-19,-54,9,-228,-228,-228,-228,-228,-225,-235,-243,-246,-239,-232,-228,-228,-229,-240,-234,-242,-231,-274,-262,-289,-297,-281,-283,-357,-350,-486,-400,-689,-700,-693,-693,-764,-764,-848,-845,-1235,-1222,-2923,-1194]} 1. c4 Nf6 2. g3 e5 3. Bg2 Bc5 4. Nc3 d6 {[#]} 5. b4 $1 {[%mdl 512]} (5. e3 O-O 6. Nge2 a6 7. b3 Re8 8. Bb2 Nc6 9. d3 Ba7 10. Qd2 Bf5 11. h3 h6 12. g4 Be6 13. a3 d5 14. cxd5 Nxd5 {1-0 (60) Nakamura,H (2779)-Mareco,S (2635) Doha 2016}) 5... Bb6 (5... Bxb4 6. Qa4+) 6. Na4 $146 {A22: English Opening: 1...e5 2 Nc3 Nf6} (6. d3 {is more complex.} O-O 7. Nf3 Re8 8. O-O c6 9. Bb2) ({Predecessor:} 6. Nf3 h6 7. O-O O-O 8. e3 Nc6 9. a3 Bg4 10. Qb3 Qd7 11. Bb2 Bh3 12. d3 Rfe8 {½-½ (40) Keber,E (2189)-Stratta,R (2311) ICCF email 2014}) 6... O-O 7. Nxb6 axb6 8. Bb2 {The position is equal.} Nc6 9. a3 Be6 10. Rc1 d5 11. cxd5 Bxd5 12. Nf3 {[#]} Nd4 $1 $36 {[%mdl 2560] White is under pressure.} 13. Rc3 (13. O-O $11) (13. Bxd4 exd4) 13... Nxf3+ 14. Bxf3 Qd7 15. Qc2 c6 ({Black should try} 15... Bxf3 $15 16. Rxf3 Qh3) 16. O-O $2 {[#]} (16. e4 $11 {and White has nothing to worry.} Be6 17. O-O) 16... Qh3 $1 $19 {( -> ...Ng4)} 17. Rc4 Bxc4 18. Qxc4 b5 19. Qc5 Ng4 20. Bxg4 Qxg4 21. f3 Qe6 22. d3 f6 23. Qc3 h5 24. Kg2 Rfd8 25. h3 b6 26. g4 hxg4 27. hxg4 Rac8 28. Rh1 c5 29. Qe1 Kf7 30. Rh5 (30. bxc5 $142 bxc5 31. g5) 30... c4 {Black is clearly winning.} 31. dxc4 Rxc4 32. Bc3 {[#]} Rxg4+ $1 {[%mdl 512]} 33. Kf2 (33. fxg4 Qxg4+) 33... Rc4 34. Rh7 Qf5 35. Rh2 Qc2 {Precision: White = 32%, Black = 63%.} (35... e4 $142 36. Rg2 exf3 37. exf3 Rd3 38. Rxg7+ Kxg7 39. Qe7+ Kg6 40. Qe8+ Kg5 41. Qg8+ Qg6 42. Qxg6+ Kxg6) 0-1

[Event "37th Zalakaros Festival 2018"]
[Site "Zalakaros"]
[Date "2018.05.27"]
[Round "3"]
[White "Aczel, Gergely"]
[Black "Sonnberger, Thomas"]
[Result "1-0"]
[WhiteElo "2567"]
[BlackElo "2186"]
[Annotator "TA"]
[PlyCount "64"]
[EventDate "2018.??.??"]
[EventType "swiss"]
[EventCountry "HUN"]
[SourceTitle "playchess.com"]
[Source "ChessBase"]
[SourceQuality "1"]

{[%evp 10,64,80,55,66,70,66,52,74,77,74,74,78,79,85,78,97,84,115,114,179,154,179,179,179,175,192,179,332,313,305,194,199,191,199,199,477,486,593,593,577,572,539,504,491,474,642,581,905,490,817,775,4656,3527,5131,2373,29988]} 1. d4 c5 2. d5 e6 3. c4 exd5 4. cxd5 d6 5. e4 (5. Nc3 g6 6. Nf3 Bg7 7. Bf4 Nf6 8. h3 O-O 9. e3 Na6 10. Be2 Nc7 11. O-O Re8 12. Bh2 b6 13. Nd2 Bb7 14. e4 b5 15. Nxb5 Nxe4 16. Nxe4 Nxb5 17. Nxc5 dxc5 18. Bxb5 {½-½ (90) Riazantsev,A (2671)-Dubov,D (2660) Khanty-Mansiysk 2016}) 5... a6 6. a4 {LiveBook: 6 Games. A43: Schmid Benoni} g6 7. Bd3 Bg7 8. h3 {White is slightly better.} Nh6 9. Nf3 O-O 10. O-O f6 11. Na3 $146 ({Predecessor:} 11. Nc3 Nd7 12. Nd2 Nf7 {1-0 (33) Kainz,J (1969)-Sonnberger,T (2126) Austria 2013}) 11... Nd7 12. Nc4 Nf7 13. a5 Rb8 14. Be3 Nde5 (14... Qc7 $16) 15. Nfxe5 Nxe5 16. Nxe5 fxe5 {[#]} 17. b4 $1 {[%mdl 512]} cxb4 18. Qd2 b5 $2 (18... Bf6 19. Rfb1 (19. Qxb4 Bg5 $16) 19... Rf7 20. Rxb4 (20. Qxb4 Bg5 $18) 20... Ra8) 19. axb6 $1 $18 ({Weaker is} 19. Qxb4 Bb7 $14) 19... Rxb6 20. Rfb1 Rb8 21. Rxb4 Rxb4 22. Qxb4 Qh4 $2 {[#]} (22... Rf7 {might work better.} 23. Bxa6 Bxa6) 23. Qxd6 {White is clearly winning.} Bh6 24. Bxh6 Qxh6 25. Qxe5 Qd2 26. Qg3 Qc3 27. Rd1 a5 28. e5 Qb3 29. Be2 Qb2 (29... Qxg3 $142 30. fxg3 Kg7) 30. Bc4 a4 31. d6+ Kh8 32. e6 (32. d7 $142 Bxd7 33. Rxd7 Qc1+ 34. Bf1) 32... a3 {Precision: White = 75%, Black = 31%.} 1-0

[Event "37th Zalakaros Festival 2018"]
[Site "Zalakaros"]
[Date "2018.05.27"]
[Round "3"]
[White "Nemeth, Miklos"]
[Black "Polajzer, Danilo"]
[Result "1-0"]
[WhiteElo "2491"]
[BlackElo "2273"]
[Annotator "TA"]
[PlyCount "53"]
[EventDate "2018.??.??"]
[EventType "swiss"]
[EventCountry "HUN"]
[SourceTitle "playchess.com"]
[Source "ChessBase"]
[SourceQuality "1"]

{[%evp 13,53,0,18,26,30,0,56,44,73,52,61,109,97,44,134,116,119,39,37,31,29,27,20,0,42,12,32,27,179,230,270,280,277,266,254,250,242,211,618,624,912,1017]} 1. e4 c6 2. d4 d5 3. e5 c5 4. dxc5 e6 5. a3 (5. Nf3 Bxc5 6. Bd3 Ne7 7. O-O Ng6 8. a3 O-O 9. Nbd2 Nc6 10. b4 Bb6 11. Bb2 Nf4 12. Nb3 a5 13. Qd2 Nxd3 14. cxd3 {½-½ (38) Vitiugov,N (2735)-Anand,V (2776) Karlsruhe/Baden-Baden 2018}) 5... Bxc5 6. b4 {B12: Caro-Kann: Advance Variation} Bb6 7. Qg4 Kf8 {LiveBook: 3 Games} 8. Nf3 {The position is equal.} Nd7 {Black wants to play ...Qc7.} 9. Bd3 a5 (9... f6 $11) 10. Bb2 $14 axb4 11. axb4 Rxa1 12. Bxa1 Ne7 13. O-O (13. Na3 $16) 13... Ng6 $146 (13... Bc7 $14) 14. Re1 $16 Bc7 15. Bxg6 (15. h4 $16) 15... hxg6 $14 16. h4 Kg8 17. Nbd2 {[%cal Bb1d2,Bd2f1,Bf1g3][%mdl 32]} Rh5 18. Nf1 Nf8 19. Ng3 Rh6 20. Bd4 Bb6 $2 {[#]} (20... Bd7 $11 {and Black is okay.}) 21. Ra1 $18 Bd7 22. Bxb6 Qxb6 23. Ra8 Qc7 24. Qg5 {[#] Qe7 would kill now.} Bc8 25. Nd4 {[%cal Bf3d4,Bd4b5,Bb5d6][%mdl 32]} Rh8 $2 (25... Qd7 26. h5 gxh5 27. Nxh5 Rg6) 26. Nb5 Qxc2 27. Nd6 {Precision: White = 72%, Black = 28%.} 1-0

[Event "37th Zalakaros Festival 2018"]
[Site "Zalakaros"]
[Date "2018.05.27"]
[Round "3"]
[White "Bokros, Albert"]
[Black "Boronyak, Arpad"]
[Result "1-0"]
[WhiteElo "2480"]
[BlackElo "2153"]
[Annotator "TA"]
[PlyCount "93"]
[EventDate "2018.??.??"]
[EventType "swiss"]
[EventCountry "HUN"]
[SourceTitle "playchess.com"]
[Source "ChessBase"]
[SourceQuality "1"]

{[%evp 15,93,-6,16,-9,12,-2,58,44,83,83,85,72,61,30,51,35,41,20,15,24,23,26,36,22,32,31,20,0,0,0,0,0,-6,0,12,0,30,32,54,55,57,0,0,8,0,0,0,-28,-49,-53,0,0,83,60,97,47,100,80,77,67,192,183,214,74,45,54,304,301,329,383,342,381,380,342,391,360,460,427,458,407]} 1. e4 e6 2. Qe2 c5 3. Nf3 Nc6 4. g3 d6 5. Bg2 Nf6 6. O-O Be7 7. c3 O-O {C00: French: Unusual White 2nd moves} 8. d3 {[%cal Bd2d3,Bd3d4,Bd4d5][%mdl 32]} (8. d4 cxd4 9. cxd4 d5 10. e5 Ne4 11. Nc3 Nxc3 12. bxc3 Bd7 13. h4 Rc8 14. Ng5 h6 15. Nh3 {½-½ (62) Malakhov,V (2713)-Akopian,V (2675) Doha 2016}) 8... Rb8 {LiveBook: 8 Games} 9. Rd1 Qc7 {The position is equal.} 10. d4 e5 (10... b5 $11) 11. Na3 Bg4 $146 ({Predecessor:} 11... h6 12. d5 Nd8 13. Nb5 Qb6 14. Nxe5 dxe5 15. d6 Bxd6 16. Nxd6 Bg4 {1-0 (34) Shytaj,L (2453)-Cori Tello,J (2370) Reykjavik 2009}) 12. d5 Nd8 13. h3 Bd7 14. c4 a6 15. Bd2 b5 16. b3 Qc8 17. Kh2 b4 18. Nb1 $1 h6 19. a3 a5 20. Ne1 Nh7 21. Nd3 f5 22. exf5 Bxf5 23. axb4 axb4 24. Be3 Nf7 25. Nd2 Nfg5 {[%cal Rf5h3]} 26. g4 Bd7 27. Ra7 Bf6 28. f4 (28. Be4 $5) 28... exf4 29. Bxf4 Re8 30. Qf1 Bxg4 {Threatens to win with ...Be2.} 31. hxg4 Qxg4 32. Nf3 ({Not} 32. Bxd6 $2 Qh5+ 33. Kg1 Bd4+ 34. Nf2 Re2 $19) 32... Qh5+ (32... Rf8 $1 $15) 33. Kg1 $11 Nxf3+ (33... Ne4 $11 {remains equal.}) 34. Qxf3 Bd4+ 35. Nf2 Qg6 $1 36. Qg3 Ng5 37. Ra2 Rf8 ({Black should play} 37... Ra8 $14 38. Rxa8 Rxa8) 38. Bxg5 $1 $18 hxg5 {[#]} 39. Rxd4 (39. Bh3 $1 $18 {and the rest is easy.}) 39... cxd4 $16 40. Ne4 $36 {[%mdl 2048] White has some pressure.} g4 $2 ({Black should try} 40... Ra8 $14 41. Rxa8 Rxa8) 41. Qxd6 $18 Qh5 42. Qh2 Qg6 {intending ...Rbe8.} 43. Qe5 Rbe8 {[#]} 44. Qg5 $1 {[%cal Rg5g6]} ({Less strong is} 44. Qxd4 Qh6 $16) 44... Qxg5 45. Nxg5 g3 {...Re1+ is the strong threat.} 46. Ne6 Rf6 47. Be4 {Precision: White = 61%, Black = 36%.} 1-0

[Event "37th Zalakaros Festival 2018"]
[Site "Zalakaros"]
[Date "2018.05.27"]
[Round "3"]
[White "Astaneh Lopez, Alex"]
[Black "Kernazhitsky, Leonid"]
[Result "1-0"]
[WhiteElo "2446"]
[BlackElo "2250"]
[Annotator "TA"]
[PlyCount "69"]
[EventDate "2018.??.??"]
[EventType "swiss"]
[EventCountry "HUN"]
[SourceTitle "playchess.com"]
[Source "ChessBase"]
[SourceQuality "1"]

{[%evp 15,69,6,13,-6,-4,-4,7,0,0,0,-1,-5,39,27,23,11,34,31,41,31,27,26,46,34,33,22,64,52,50,0,158,159,226,147,148,152,206,208,185,200,193,187,156,158,391,376,457,429,897,882,5506,5385,29990,29991,29991,29992]} 1. Nf3 d5 2. g3 Nf6 3. Bg2 c6 4. O-O Bg4 5. d3 Nbd7 6. h3 Bxf3 {A07: Réti Opening: New York and Capablanca Systems} 7. Bxf3 e6 (7... e5 8. e4 Bc5 9. Nc3 dxe4 10. Nxe4 Nxe4 11. dxe4 O-O 12. Qe2 Qe7 {½-½ (71) Ding,L (2781)-Yu,Y (2753) Danzhou 2017}) 8. Nd2 Bd6 {LiveBook: 8 Games. The position is equal.} 9. c4 O-O 10. d4 Re8 $146 ({Predecessor:} 10... Qc7 11. Qc2 c5 12. cxd5 Nxd5 13. Nb3 c4 14. Nd2 Bxg3 15. Qxc4 {1-0 (60) Semenov,V (2226)-Kapustin,A (1973) ICCF email 2014}) 11. e4 dxe4 12. Nxe4 Nxe4 13. Bxe4 f5 14. Bg2 Qf6 15. f4 Rac8 16. Kh2 Qd8 17. Qd3 Nf6 18. Bd2 Qc7 19. Rae1 Rcd8 20. Bc3 Bf8 21. Re3 Qf7 22. Rfe1 c5 $2 {[#]} (22... h5 $1 $11) 23. d5 $1 $36 {[%cal Bd4d5,Bd5e6][%mdl 2592] White is in control.} Ne4 (23... Qg6 $16 {is a better defense.} 24. Qd2 (24. Rxe6 Ng4+ 25. hxg4 Rxe6 $16) 24... exd5) (23... exd5 24. Rxe8) 24. Rxe4 fxe4 25. Bxe4 g6 (25... Qh5 $16 26. Bf3 Qf7) 26. dxe6 $18 Qe7 27. Bd5 Bg7 28. h4 {[%cal Bh3h4,Bh4h5][%mdl 32]} Kh8 29. Re5 Bf6 $2 {[#]} (29... b5 $16) 30. h5 Kg7 31. Qe4 b6 (31... Kh6 $142 32. Kg1 g5) 32. g4 {[%cal Bg3g4,Bg4g5][%mdl 32]} ({Weaker is} 32. hxg6 hxg6 33. Kg2 (33. Rg5 Rh8+ 34. Kg1 Rh6 $18) 33... Rh8 $18) 32... Rg8 33. g5 Bxe5 34. Bxe5+ Kf8 35. Bf6 {Precision: White = 66%, Black = 30%.} 1-0

[Event "37th Zalakaros Festival 2018"]
[Site "Zalakaros"]
[Date "2018.05.27"]
[Round "3"]
[White "Czebe, Attila"]
[Black "Horak, Jiri"]
[Result "0-1"]
[WhiteElo "2422"]
[BlackElo "2131"]
[Annotator "TA"]
[PlyCount "80"]
[EventDate "2018.??.??"]
[EventType "swiss"]
[EventCountry "HUN"]
[SourceTitle "playchess.com"]
[Source "ChessBase"]
[SourceQuality "1"]

{[%evp 18,80,45,26,27,-31,-32,-20,-32,-27,-32,-67,-54,-58,-58,-56,-51,-47,-43,-58,-58,-61,-64,-57,-59,-55,-53,-62,-59,-59,0,-122,-70,-116,-45,-185,-192,-198,-174,-189,-187,-183,-152,-257,-283,-317,-301,-383,-371,-364,-438,-514,-507,-488,-476,-470,-447,-526,-525,-651,-639,-608,-600,-2164,-1891]} 1. Nf3 d5 2. g3 Nf6 3. Bg2 e6 4. O-O c5 5. d4 Nc6 6. c4 dxc4 7. Ne5 Nxe5 8. dxe5 Qxd1 9. Rxd1 Nd5 10. Na3 c3 {E04: Open Catalan: 5 Nf3} (10... Bd7 11. Nxc4 h6 12. a3 O-O-O 13. Bxd5 exd5 14. Rxd5 Be6 15. Rxd8+ Kxd8 16. b3 Kc7 17. e4 Be7 18. Be3 Rd8 {½-½ (48) Soors,S (2390)-Brunello,S (2562) Amsterdam 2016}) 11. Bxd5 (11. e4 $11 Nc7 12. bxc3) 11... exd5 $15 12. Nb5 cxb2 {The position is equal.} 13. Bxb2 Kd7 14. Nd6 Bxd6 $146 ({Predecessor:} 14... Kc6 15. e4 Bxd6 16. exd5+ Kd7 17. exd6 f6 18. h4 Kxd6 {½-½ (34) Bassler,M (2290)-Schuh,H Viernheim 1984}) 15. Rxd5 Kc6 16. Rxd6+ Kc7 17. e4 Be6 18. f4 g6 19. g4 Bxg4 20. Rd5 b6 $36 {[%mdl 2048] ...Rhd8 is the strong threat. Black has some pressure.} 21. e6 $1 Bxe6 22. Bxh8 Rxh8 {[%mdl 4096] Endgame KRR-KRB} 23. Rd2 b5 ({Black should play} 23... Re8 $15) 24. Kf2 (24. a4 $11 {remains equal.}) 24... c4 (24... Kc6 $17 25. Kf3 b4) 25. Rad1 {[#]} c3 (25... Rb8 $1 $17 26. Ke3 b4) 26. Rd4 (26. Rc1 $1 $15) 26... Bxa2 $19 27. Rc1 Bc4 28. Rxc3 a5 {[%cal Ba7a5,Ba5a4,Ba4a3][%mdl 32]} 29. Ke3 Kc6 30. e5 (30. Kd2 $17) 30... a4 31. Rc1 a3 32. Rd6+ Kc5 33. Ra6 b4 {[%cal Bb5b4,Bb4b3,Bb3b2][%mdl 32]} 34. Ra7 {Black is clearly winning.} Kb6 35. Ra4 Kb5 36. Ra7 {and if Rb7+ works, White does fine.} Rc8 37. Rb7+ Ka4 38. Rb1 b3 39. Kd4 b2 40. Re1 Ba6 {Precision: White = 32%, Black = 74%.} 0-1

[Event "37th Zalakaros Festival 2018"]
[Site "Zalakaros"]
[Date "2018.05.27"]
[Round "3"]
[White "Fancsy, Imre"]
[Black "Ongut, Tamas Gunes"]
[Result "1-0"]
[WhiteElo "2388"]
[BlackElo "2130"]
[Annotator "NA"]
[PlyCount "51"]
[EventDate "2018.??.??"]
[EventType "swiss"]
[EventCountry "HUN"]
[SourceTitle "playchess.com"]
[Source "ChessBase"]
[SourceQuality "1"]
[TimeControl "40/5400+30:1800+30"]

1. Nf3 {[%emt 0:09:36]} g6 {[%emt 0:00:43]} 2. c4 {[%emt 0:02:14]} Bg7 {[%emt 0:00:14]} 3. Nc3 {[%emt 0:03:55]} d6 {[%emt 0:00:58]} 4. d4 {[%emt 0:01:40]} Nf6 {[%emt 0:00:07]} 5. g3 {[%emt 0:00:10]} O-O {[%emt 0:00:16]} 6. Bg2 {[%emt 0:00:05]} Nbd7 {[%emt 0:00:10]} 7. O-O {[%emt 0:00:07]} e5 {[%emt 0:00:05]} 8. e4 {[%emt 0:00:09]} exd4 {[%emt 0:00:06]} 9. Nxd4 {[%emt 0:00:04]} Re8 {[%emt 0:00:05]} 10. h3 {[%emt 0:01:02]} a6 {[%emt 0:00:06]} 11. Be3 {[%emt 0:03:08]} Rb8 {[%emt 0:00:31]} 12. b3 {[%emt 0:01:37]} Ne5 {[%emt 0:00:15]} 13. Rc1 {[%emt 0:03:48]} c5 {[%emt 0:00:28]} 14. Nde2 {[%emt 0:03:52]} b5 {[%emt 0:00:06]} 15. f4 {[%emt 0:02:24]} Ned7 {[%emt 0:00:20]} 16. Qxd6 {[%emt 0:05:10]} b4 {[%emt 0:00:41]} 17. e5 {[%emt 0:06:25]} bxc3 {[%emt 0:00:06]} 18. Qd3 {[%emt 0:01:19]} Nh5 {[%emt 0:18:24]} 19. g4 {[%emt 0:01:35]} Nxf4 {[%emt 0:18:04]} 20. Bxf4 {[%emt 0:00:39]} Bxe5 {[%emt 0:15:05]} 21. Bd5 {[%emt 0:15:27]} Bxf4 {[%emt 0:06:56]} 22. Rxf4 {[%emt 0:02:48]} Ne5 {[%emt 0:00:13]} 23. Qg3 {[%emt 0:02:03]} Be6 {[%emt 0:09:28]} 24. Nxc3 {[%emt 0:00:39]} Qa5 {[%emt 0:08:50]} 25. Rcf1 {[%emt 0:05:31]} Rbd8 {[%emt 0:05:48]} 26. g5 {[%emt 0:04:44]} 1-0

[Event "37th Zalakaros Festival 2018"]
[Site "Zalakaros"]
[Date "2018.05.27"]
[Round "3"]
[White "Szeberenyi, Adam"]
[Black "Gaal, Zsoka"]
[Result "1-0"]
[WhiteElo "2372"]
[BlackElo "2095"]
[Annotator "NA"]
[PlyCount "77"]
[EventDate "2018.??.??"]
[EventType "swiss"]
[EventCountry "HUN"]
[SourceTitle "playchess.com"]
[Source "ChessBase"]
[SourceQuality "1"]
[TimeControl "40/5400+30:1800+30"]

1. d4 {[%emt 0:00:03]} Nf6 {[%emt 0:01:06]} 2. c4 {[%emt 0:00:06]} g6 {[%emt 0:00:23]} 3. Nc3 {[%emt 0:00:04]} Bg7 {[%emt 0:00:23]} 4. Nf3 {[%emt 0:01:14]} d6 {[%emt 0:00:20]} 5. Bg5 {[%emt 0:01:58]} O-O {[%emt 0:00:20]} 6. e3 {[%emt 0:00:04]} c5 {[%emt 0:00:37]} 7. Qd2 {[%emt 0:06:46]} Bf5 {[%emt 0:09:04]} 8. Rd1 {[%emt 0:11:57]} cxd4 {[%emt 0:04:51]} 9. Nxd4 {[%emt 0:02:42]} Bd7 {[%emt 0:05:27]} 10. Be2 {[%emt 0:00:46]} Nc6 {[%emt 0:04:20]} 11. O-O {[%emt 0:02:37]} Rc8 {[%emt 0:03:55]} 12. b3 {[%emt 0:00:26]} Re8 {[%emt 0:04:42]} 13. Bh4 {[%emt 0:04:40]} Nxd4 {[%emt 0:10:59]} 14. exd4 {[%emt 0:01:33]} a6 {[%emt 0:09:14]} 15. Rfe1 {[%emt 0:12:13]} Be6 {[%emt 0:05:43]} 16. Bf3 {[%emt 0:01:29]} Qc7 {[%emt 0:04:29]} 17. Rc1 {[%emt 0:06:28]} Qb8 {[%emt 0:11:23]} 18. Bg3 {[%emt 0:06:41]} Qa7 {[%emt 0:04:03]} 19. Bf4 {[%emt 0:00:51]} Bg4 {[%emt 0:02:35]} 20. Bxg4 {[%emt 0:06:13]} Nxg4 {[%emt 0:00:02]} 21. h3 {[%emt 0:08:32]} Nf6 {[%emt 0:01:12]} 22. Bg5 {[%emt 0:00:25]} e6 {[%emt 0:05:43]} 23. Rcd1 {[%emt 0:05:38]} Qb8 {[%emt 0:04:51]} 24. Qf4 {[%emt 0:01:43]} Nd7 {[%emt 0:01:17]} 25. Ne4 {[%emt 0:04:04]} e5 {[%emt 0:00:56]} 26. dxe5 {[%emt 0:01:13]} Bxe5 {[%emt 0:01:48]} 27. Qd2 {[%emt 0:00:58]} f5 {[%emt 0:00:48]} 28. Nc3 {[%emt 0:03:52]} Nc5 {[%emt 0:01:10]} 29. Nd5 {[%emt 0:01:59]} Ne4 {[%emt 0:00:56]} 30. Rxe4 {[%emt 0:01:46]} fxe4 {[%emt 0:00:30]} 31. Ne7+ {[%emt 0:00:23]} Kh8 {[%emt 0:00:44]} 32. Qd5 {[%emt 0:02:01]} h6 {[%emt 0:01:27]} 33. Qf7 {[%emt 0:01:18]} Rxe7 {[%emt 0:00:41]} 34. Bxe7 {[%emt 0:00:06]} Rg8 35. Bf6+ {[%emt 0:01:52]} Bxf6 {[%emt 0:00:57]} 36. Qxf6+ {[%emt 0:00:04]} Kh7 {[%emt 0:00:35]} 37. Rxd6 {[%emt 0:00:13]} Rg7 {[%emt 0:00:32]} 38. Rd8 {[%emt 0:00:52]} Qc7 {[%emt 0:00:29]} 39. Qf8 {[%emt 0:00:08]} 1-0

[Event "37th Zalakaros Festival 2018"]
[Site "Zalakaros"]
[Date "2018.05.27"]
[Round "3"]
[White "Srinath, Rao S V"]
[Black "Szalanczy, Emil"]
[Result "1-0"]
[WhiteElo "2363"]
[BlackElo "2233"]
[Annotator "NA"]
[PlyCount "95"]
[EventDate "2018.??.??"]
[EventType "swiss"]
[EventCountry "HUN"]
[SourceTitle "playchess.com"]
[Source "ChessBase"]
[SourceQuality "1"]
[TimeControl "40/5400+30:1800+30"]

1. e4 {[%emt 0:00:04]} c5 {[%emt 0:00:31]} 2. c3 {[%emt 0:00:36]} d6 {[%emt 0:00:03]} 3. d4 {[%emt 0:00:03]} Nf6 {[%emt 0:00:03]} 4. Bd3 {[%emt 0:00:04]} g6 {[%emt 0:00:06]} 5. dxc5 {[%emt 0:00:30]} dxc5 {[%emt 0:00:30]} 6. e5 {[%emt 0:00:05]} c4 {[%emt 0:00:19]} 7. Qa4+ {[%emt 0:00:50]} Nc6 {[%emt 0:00:12]} 8. Bxc4 {[%emt 0:00:08]} Nd7 {[%emt 0:00:12]} 9. e6 {[%emt 0:00:09]} fxe6 {[%emt 0:00:03]} 10. Qc2 {[%emt 0:00:21]} Nb6 {[%emt 0:03:11]} 11. Be2 {[%emt 0:00:32]} e5 {[%emt 0:03:27]} 12. Nf3 {[%emt 0:12:50]} Bf5 {[%emt 0:06:06]} 13. Qb3 {[%emt 0:00:04]} Qd5 {[%emt 0:04:27]} 14. Be3 {[%emt 0:02:38]} Qxb3 {[%emt 0:01:54]} 15. axb3 {[%emt 0:08:42]} Nd5 {[%emt 0:00:03]} 16. Bb5 {[%emt 0:07:38]} Bg7 {[%emt 0:09:58]} 17. Nbd2 {[%emt 0:00:12]} Nxe3 {[%emt 0:07:27]} 18. fxe3 {[%emt 0:00:07]} O-O {[%emt 0:00:12]} 19. Nc4 {[%emt 0:04:28]} Be4 {[%emt 0:08:06]} 20. Ncd2 {[%emt 0:01:56]} Bf5 {[%emt 0:08:44]} 21. Bxc6 {[%emt 0:02:24]} bxc6 {[%emt 0:00:06]} 22. Ra5 {[%emt 0:00:11]} e4 {[%emt 0:07:59]} 23. Nd4 {[%emt 0:03:28]} Bh6 {[%emt 0:04:43]} 24. Nc4 {[%emt 0:01:23]} Rf6 {[%emt 0:05:52]} 25. Rf1 {[%emt 0:02:36]} Raf8 {[%emt 0:02:47]} 26. Rxa7 {[%emt 0:02:01]} e5 {[%emt 0:01:29]} 27. Nxf5 {[%emt 0:01:53]} gxf5 {[%emt 0:00:56]} 28. Re7 {[%emt 0:00:31]} f4 {[%emt 0:01:59]} 29. Nxe5 {[%emt 0:01:44]} Rd6 {[%emt 0:06:33]} 30. Ng4 {[%emt 0:03:27]} Bg5 {[%emt 0:02:58]} 31. Rxe4 {[%emt 0:00:29]} Rfd8 {[%emt 0:03:45]} 32. exf4 {[%emt 0:00:53]} Bh4+ {[%emt 0:02:31]} 33. g3 {[%emt 0:00:13]} h5 {[%emt 0:00:52]} 34. Ne3 {[%emt 0:04:03]} Bf6 {[%emt 0:00:28]} 35. Rf2 {[%emt 0:01:02]} Rd3 {[%emt 0:03:10]} 36. Re2 {[%emt 0:01:05]} Kf7 {[%emt 0:00:58]} 37. Kf2 {[%emt 0:01:16]} h4 38. Ng4 {[%emt 0:00:08]} hxg3+ {[%emt 0:02:54]} 39. hxg3 {[%emt 0:00:30]} Rh8 {[%emt 0:00:09]} 40. Re6 {[%emt 0:00:00]} Bd8 {[%emt 0:01:00]} 41. Rxc6 {[%emt 0:02:29]} Rd1 {[%emt 0:01:14]} 42. Rh6 {[%emt 0:03:14]} Rxh6 {[%emt 0:13:11]} 43. Nxh6+ {[%emt 0:00:04]} Kg6 {[%emt 0:00:03]} 44. Re6+ {[%emt 0:00:04]} Kh5 {[%emt 0:01:23]} 45. Nf7 {[%emt 0:00:15]} Bc7 {[%emt 0:01:12]} 46. Kf3 {[%emt 0:04:48]} Rf1+ {[%emt 0:00:35]} 47. Ke4 {[%emt 0:00:13]} Bxf4 {[%emt 0:00:50]} 48. gxf4 {[%emt 0:00:25]} 1-0